Cap a una bona jubilació : guia guia
Publicado:
Barcelona :
Diputació de Barcelona, Àrea de Hisenda, Recursos Interns i Noves Tecnologies, Direcció dels Serveis de Recursos Humans ,
2014
Descripción Física:
53 pàgines : il·lustracions ; 21 cm
Idioma:
Catalán
MARC
| LEADER | 00000nam a22000007a 4500 | ||
|---|---|---|---|
| 001 | 25417 | ||
| 008 | 220509b spa||||| |||| 00| 0 cat d | ||
| 017 | |a B 22889-2014 | ||
| 040 | |a agdb |b cat | ||
| 041 | |a cat | ||
| 080 | |a Bib-531 | ||
| 245 | |a Cap a una bona jubilació : |b guia | ||
| 260 | |a Barcelona : |b Diputació de Barcelona, |b Àrea de Hisenda, Recursos Interns i Noves Tecnologies, |b Direcció dels Serveis de Recursos Humans, |c 2014 | ||
| 300 | |a 53 pàgines : |b il·lustracions ; |c 21 cm | ||
| 650 | 0 | |9 32229 |a Jubilació | |
| 650 | 0 | |a Persones grans |v Guies |9 42260 | |
| 710 | 1 | |a Barcelona (Catalunya : Província). |b Direcció dels Serveis de Recursos Humans |9 52859 | |
| 942 | |2 udc |c ARXIU |n 1 | ||
| 952 | |0 0 |1 0 |4 0 |6 BIB531 |7 1 |9 61556 |a Arxiu |b Arxiu |d 2022-05-09 |l 0 |o Bib-531 |p 25417 |r 2022-05-09 00:00:00 |w 2022-05-09 |y ARXIU | ||
| 952 | |0 0 |1 0 |2 udc |4 0 |6 BIB1017 |7 1 |9 64436 |a Arxiu |b Arxiu |d 2022-11-29 |l 0 |o Bib-1017 |p 27061 |r 2022-11-29 00:00:00 |w 2022-11-29 |y ARXIU | ||
| 999 | |c 81504 |d 81504 | ||